000 00313nam a22001337a 4500
008 171102b xxu||||| |||| 00| 0 eng d
020 _a9780131001176
041 _aeng
080 _22ND
_a339.138
100 _a60
101 _aMAR
245 _aA FRAMEWORK FOR MARKETING MANAGEMENT
_cKOTLER,P
942 _2udc
_cBK
999 _c37274
_d37274